| 000 | 00682nam a2200205 a 4500 | ||
|---|---|---|---|
| 001 | BRCA_1191 | ||
| 005 | 20190320203325.0 | ||
| 008 | 930813s1993 mx-a---##b---#000-0#spa-# | ||
| 020 | _a9687009349 | ||
| 040 |
_aDLC _cDLC _dDLC |
||
| 050 | 4 |
_aN8214.5 _b.P37 1993 |
|
| 245 | 1 | 0 | _aPasado y presente del centro histórico. |
| 260 |
_a[México] _bBanamex _c1993 |
||
| 300 |
_a164 p. _bil. a color _c27 cm. |
||
| 500 | _aCatálogo de la exposición realizada en el Palacio de Iturbide, marzo - mayo, 1993 | ||
| 504 | _aIncluye referencias bibliográficas | ||
| 650 | 1 | 4 |
_aArte mexicano _vExposiciones _93925 |
| 651 | 4 |
_aCiudad de México _vExposiciones _xEn el arte _93926 |
|
| 942 |
_2lcc _cB |
||
| 999 |
_c1066 _d1066 |
||